[Event "BCF-chT2 2223 (4NCL)"]
[Site "England"]
[Date "2023.03.19"]
[Round "8.68"]
[White "Pyun, Lindsay"]
[Black "Darling, Tom"]
[Result "0-1"]
[WhiteElo "1827"]
[BlackElo "1957"]
[PlyCount "81"]
[EventDate "2022.10.22"]
[EventType "team-tourn"]
[EventRounds "11"]
[EventCountry "ENG"]
[SourceTitle "EXT 2024"]
[Source "ChessBase"]
[SourceDate "2023.10.10"]
[SourceVersion "1"]
[SourceVersionDate "2023.10.10"]
[SourceQuality "1"]
[WhiteTeam "The Rookies"]
[BlackTeam "Spirit of Atticus"]
[WhiteTeamCountry "ENG"]
[BlackTeamCountry "ENG"]

1. e4 e5 2. Nf3 d5 3. exd5 Bd6 4. d4 e4 5. Nfd2 Nf6 6. c4 b6 7. Be2 0-0 8. Nc3 Re8 9. Nf1 Nbd7 10. Ng3 Bb7 11. 0-0 c5 12. Nb5 Bb8 13. Nf5 Nf8 14. dxc5 bxc5 15. Be3 a6 16. Nc3 Bd6 17. Na4 Rc8 18. Qb3 Ba8 19. Qa3 Qc7 20. Nxd6 Qxd6 21. Nxc5 N8d7 22. Nxd7 Qxd7 23. Qxa6 Bb7 24. Qb6 Rb8 25. Qd4 Ng4 26. Bxg4 Qxg4 27. d6 Rbd8 28. Rac1 f5 29. Qd1 Qh4 30. g3 Qh3 31. c5 Bc6 32. Qb3+ Kh8 33. Rfd1 f4 34. gxf4 Qg4+ 35. Kf1 Rb8 36. Qc3 Bb5+ 37. Rd3 Bxd3+ 38. Qxd3 exd3 39. c6 d2 40. Bxd2 Qe2+ 41. Kg1 0-1

[Event "BCF-ch U160"]
[Site "Coventry"]
[Date "2015.08.05"]
[Round "3"]
[White "Darling, Tom"]
[Black "Karia, Rishul"]
[Result "0-1"]
[WhiteElo "154"]
[BlackElo "1688"]
[PlyCount "158"]
[EventDate "2015.08.03"]
[EventType "swiss"]
[EventRounds "5"]
[EventCountry "ENG"]
[SourceTitle "CBM 167 Extra"]
[Source "ChessBase"]
[SourceDate "2015.09.14"]
[SourceVersion "1"]
[SourceVersionDate "2015.09.14"]
[SourceQuality "1"]

1. e4 e5 2. f4 exf4 3. Bc4 g5 4. h4 Nc6 5. hxg5 Qxg5 6. Nf3 Qg3+ 7. Kf1 d6 8. Nc3 Ne5 9. Nxe5 dxe5 10. Qh5 Qg7 11. Bxf7+ Kd8 12. Bc4 Bg4 13. Qh4+ Be7 14. Qf2 c5 15. Nd5 Nf6 16. Nxe7 Qxe7 17. Qh4 h5 18. d3 Rf8 19. b4 cxb4 20. a3 Kc7 21. axb4 f3 22. gxf3 Bxf3 23. Rh2 Bg4 24. Rf2 Nd5 25. Qxe7+ Nxe7 26. Bh6 Rxf2+ 27. Kxf2 Ng6 28. Kg3 Bd7 29. Bg5 Rh8 30. Rxa7 h4+ 31. Kh2 Rf8 32. Bd5 Bc8 33. Be3 Rf3 34. Bc5 Rh3+ 35. Kg1 Rg3+ 36. Kf2 Nf4 37. Be3 Rg2+ 38. Kf1 h3 39. Bxf4 exf4 40. e5 Rxc2 41. Ra5 Rc1+ 42. Kf2 Rd1 43. Rc5+ Kd8 44. Rc3 h2 45. Ke2 Bg4+ 46. Kf2 h1Q 47. Bxh1 Rxh1 48. Rc4 Bf5 49. Rxf4 Bd7 50. Ke3 Rb1 51. Kd2 Rb2+ 52. Kc3 Rg2 53. d4 Rg4 54. Rf6 Ke7 55. Kc4 Rg1 56. Kc5 Bc6 57. Rd6 Rc1+ 58. Kb6 Rc4 59. Ka5 Be4 60. b5 Rc7 61. Kb6 Rd7 62. Rf6 Rxd4 63. Rf4 Ke6 64. Kc7 Kxe5 65. Rh4 Rc4+ 66. Kb6 Kd4 67. Ka7 Kc5 68. Rh5+ Kb4 69. b6 Bc6 70. Rh2 Kb5 71. Rh5+ Rc5 72. Rh2 Bd5 73. Rb2+ Kc6 74. Rb1 Ra5+ 75. Kb8 Rb5 76. Rc1+ Kxb6 77. Rd1 Bc6 78. Kc8 Rc5 79. Kd8 Rd5+ 0-1

[Event "BCF-ch Week2 PM op"]
[Site "Coventry"]
[Date "2015.08.05"]
[Round "3"]
[White "Darling, Tom"]
[Black "Strong, Chris M"]
[Result "1-0"]
[WhiteElo "1855"]
[BlackElo "1862"]
[PlyCount "73"]
[EventDate "2015.08.03"]
[EventType "swiss"]
[EventRounds "5"]
[EventCountry "ENG"]
[SourceTitle "CBM 167 Extra"]
[Source "ChessBase"]
[SourceDate "2015.09.14"]
[SourceVersion "1"]
[SourceVersionDate "2015.09.14"]
[SourceQuality "1"]

1. e4 c5 2. d4 cxd4 3. c3 g6 4. Nf3 Bg7 5. cxd4 d5 6. e5 Nh6 7. Bd3 0-0 8. 0-0 Bg4 9. h3 Bh5 10. g4 Nxg4 11. hxg4 Bxg4 12. Be2 Nc6 13. Be3 Qb6 14. Nc3 e6 15. Qd2 Rac8 16. Na4 Qd8 17. Nh2 Bxe2 18. Qxe2 f5 19. f4 Kf7 20. Nc5 Rc7 21. Nf3 h6 22. Qg2 Rg8 23. Kf2 Nb4 24. a3 Na6 25. Rac1 Bf8 26. Nxa6 bxa6 27. Rxc7+ Qxc7 28. Rc1 Qb6 29. Kf1 Be7 30. Qh2 Qb3 31. Qd2 Rb8 32. Rc2 Qa2 33. Qc1 a5 34. Nd2 a4 35. b4 axb3 36. Rxa2 bxa2 37. Qa1 1-0

[Event "Birmingham 4NCL op-B 1st"]
[Site "Birmingham"]
[Date "2015.02.01"]
[Round "4"]
[White "Cukovs, Oleg"]
[Black "Darling, Tom"]
[Result "1-0"]
[WhiteElo "1928"]
[BlackElo "1832"]
[PlyCount "87"]
[EventDate "2015.01.30"]
[EventType "swiss"]
[EventRounds "5"]
[EventCountry "ENG"]
[SourceTitle "EXT 2023"]
[Source "ChessBase"]
[SourceDate "2022.10.05"]
[SourceVersion "1"]
[SourceVersionDate "2022.10.05"]
[SourceQuality "1"]

1. e4 e5 2. Nf3 d5 3. exd5 Bd6 4. Nc3 Nf6 5. Bb5+ c6 6. dxc6 bxc6 7. Bd3 Nbd7 8. Ne4 Bc7 9. Qe2 0-0 10. 0-0 Nd5 11. Bc4 Kh8 12. d3 h6 13. Re1 f5 14. Nc3 Nxc3 15. bxc3 Qf6 16. Ba3 Re8 17. Nd2 Nb6 18. Bb3 Nd5 19. Bxd5 cxd5 20. c4 d4 21. Qf3 Bd7 22. Rab1 Bc6 23. Qe2 g5 24. f3 g4 25. fxg4 Rg8 26. Rf1 Rxg4 27. Qxg4 Rg8 28. Ne4 Rxg4 29. Nxf6 Rxg2+ 30. Kh1 Rxc2+ 31. Nd5 Rxa2 32. Bb2 f4 33. Rf2 Ra5 34. Ra1 Rc5 35. Rxa7 Bb8 36. Ra1 Bxd5+ 37. cxd5 Rxd5 38. Ra8 Rb5 39. Ba3 Kg7 40. Rb2 Rxb2 41. Bxb2 Bd6 42. Kg2 Bb4 43. Ra6 Kf7 44. Rxh6 1-0

[Event "Birmingham 4NCL op-B 1st"]
[Site "Birmingham"]
[Date "2015.01.31"]
[Round "3"]
[White "Darling, Tom"]
[Black "Taylor, Robert Keith"]
[Result "1-0"]
[WhiteElo "1832"]
[BlackElo "1961"]
[PlyCount "165"]
[EventDate "2015.01.30"]
[EventType "swiss"]
[EventRounds "5"]
[EventCountry "ENG"]
[SourceTitle "EXT 2023"]
[Source "ChessBase"]
[SourceDate "2022.10.05"]
[SourceVersion "1"]
[SourceVersionDate "2022.10.05"]
[SourceQuality "1"]

1. e4 e5 2. f4 Bc5 3. Nf3 d6 4. Nc3 Nf6 5. Bc4 c6 6. d3 b5 7. Bb3 0-0 8. f5 a5 9. a4 b4 10. Ne2 Qb6 11. Qd2 Ra7 12. Qg5 Bf2+ 13. Kf1 h6 14. Qd2 d5 15. Nxe5 dxe4 16. dxe4 Rd8 17. Nd3 Nxe4 18. Qf4 Re7 19. f6 gxf6 20. Ng3 Rxd3 21. Nxe4 Rd6 22. Bc4 Rd1+ 23. Ke2 f5 24. Kxd1 Rxe4 25. Bxf7+ Kxf7 26. Qxh6 Qd4+ 27. Qd2 Ba6 28. c3 bxc3 29. Qxd4 Bxd4 30. bxc3 Bxc3 31. Ra3 Rd4+ 32. Kc2 Bb4 33. Rf3 Ke6 34. h4 Nd7 35. h5 Rg4 36. g3 Nf8 37. h6 Nh7 38. Rh5 Rc4+ 39. Kb1 Rc5 40. Re3+ Kf7 41. Rh4 Bc4 42. g4 Be6 43. g5 Nxg5 44. h7 Nxh7 45. Rxh7+ Kg8 46. Rc7 Rxc1+ 47. Kxc1 Bf7 48. Rxc6 Kg7 49. Rg3+ Kf8 50. Rf3 Ke7 51. Rc7+ Ke6 52. Rxf7 Kxf7 53. Rxf5+ Ke6 54. Rb5 Kd6 55. Kc2 Kc6 56. Kd3 Be1 57. Kc4 Bd2 58. Rf5 Be1 59. Rf6+ Kc7 60. Kb5 Bd2 61. Rf7+ Kc8 62. Kb6 Bb4 63. Rh7 Be1 64. Rh8+ Kd7 65. Kb7 Bb4 66. Rh1 Kd6 67. Kb6 Kd5 68. Kb5 Kd6 69. Rc1 Kd7 70. Kb6 Kd6 71. Rd1+ Ke7 72. Kc6 Bc3 73. Rd5 Bb4 74. Rd3 Ke8 75. Kc7 Ke7 76. Re3+ Kf6 77. Kc6 Kf7 78. Kb6 Kf6 79. Re8 Kf7 80. Re5 Kf6 81. Rxa5 Ke6 82. Rb5 Be7 83. a5 1-0